Nghề rèn và xóm lò rèn ở Quế Sơn (Quảng Nam) /

保存先:
書誌詳細
第一著者: Trần Vũ.
フォーマット: 論文
言語:Vietnamese
主題:
タグ: タグ追加
タグなし, このレコードへの初めてのタグを付けませんか!
Thư viện lưu trữ: Thư viện Trường Đại học Đà Lạt
LEADER 00759nam a2200265 4500
001 DLU100109883
005 ##20100716
040 # # |a DLU  |b vie 
041 # # |a vie 
044 # # |a vn 
100 # # |a Trần Vũ. 
245 # # |a Nghề rèn và xóm lò rèn ở Quế Sơn (Quảng Nam) /  |c Trần Vũ. 
653 # # |a Cơ khí 
653 # # |a Làng nghề 
653 # # |a Nghề thủ công truyền thống 
773 # # |t Dân tộc và thời đại  |g Số8(124), 2008, tr. 31-32,36 
920 # # |a Phòng Tạp chí -- Trung tâm Thông tin - Thư viện Trường Đại học Đà Lạt 
994 # # |a DLU 
900 # # |a True 
911 # # |a Nguyễn Thị Linh Chi 
925 # # |a G 
926 # # |a A 
927 # # |a BB 
980 # # |a Thư viện Trường Đại học Đà Lạt